000 00838nas a2200277 4500
001 BR9700378
003 BR-BrBNA
005 20231205095949.0
007 ta
008 230509b bl.|||p| |||| 00| 00por d
040 _aBR-BrBNA
_bpor
_cBiblioteca Nacional de Agricultura
041 _a(Pt)
072 _aL73; L50
100 1 _aHass, V. de
100 1 _alockwood, P.W.
100 1 _aKatz, T.
100 1 _aVarma, K.J.
245 1 _aEficacia do florfenicol no tratamento da sindrome respiratoria bovina: resultados de ensaios clinicos europeus
650 _aBovino
650 _aDoenca Respiratoria
650 _aBacteria
650 _aAntibiotico
773 0 _tHora Veterinaria (Brazil)
_xISSN 0101-9163
_g(Sep-Oct 1996), v. 16(93) p. 43-47
_wBR9700378
909 _a202311
_bLúcia
_c55
_dLúcia Elande
942 _2AGRIS
_n0
_cANA
999 _c153699
_d153699